| 000 | 00436cam a2200181ua 4500 | ||
|---|---|---|---|
| 020 | _c3.00 | ||
| 041 |
_ahin _h |
||
| 082 |
_a891.53 _bYAJ/SU |
||
| 100 | _aYajndath, Sharma . | ||
| 245 |
_aSur sahitya aur siddant / _cYajndath Sharma. _hTextual Documents |
||
| 250 |
_a1 / _b. |
||
| 260 |
_aDelhi : _bAtmaram and sons , _c1955. |
||
| 300 | _a159 ; . | ||
| 365 | _a3.00 | ||
| 504 | _a | ||
| 942 | _cBK | ||
| 999 |
_c12682 _d12682 |
||